Budgeting Profit Planing And Control (Record no. 345229)

000 -LEADER
fixed length control field 00381 a2200145 4500
020 ## - INTERNATIONAL STANDARD BOOK NUMBER
International Standard Book Number 8120306724
082 ## - DEWEY DECIMAL CLASSIFICATION NUMBER
Classification number 658.154
090 ## - LOCALLY ASSIGNED LC-TYPE CALL NUMBER (OCLC); LOCAL CALL NUMBER (RLIN)
-- 2738
-- 2738
100 ## - MAIN ENTRY--PERSONAL NAME
Personal name Welsch Glenn A.
245 ## - TITLE STATEMENT
Title Budgeting Profit Planing And Control
Statement of responsibility, etc. Glenn A. Welsch
250 ## - EDITION STATEMENT
Edition statement 5th Ed.
260 ## - PUBLICATION, DISTRIBUTION, ETC.
Place of publication, distribution, etc. New Delhi, India
Name of publisher, distributor, etc. Prentice hall of india
Date of publication, distribution, etc. 1998
300 ## - PHYSICAL DESCRIPTION
Extent 661
942 ## - ADDED ENTRY ELEMENTS (KOHA)
Institution code [OBSOLETE] NBS
Koha item type Book
Call number prefix 658.154 WEL
Holdings
Withdrawn status Lost status Damaged status Not for loan Permanent Location Current Location Date acquired Total Checkouts Full call number Barcode Date last seen Price effective from Koha item type
        Central Library (CL) Central Library (CL) 08/28/2013   658.154 WEL NBS1708 08/28/2013 08/28/2013 Book
© 2023 Central Library, National University of Sciences and Technology. All Rights Reserved.